02962 2201237 4500001002100000005001500021035002000036245006800056100001700124250001700141300003600158260003400194082001000228084001600238020002200254650002400276990001600300990001600316990001600332990001600348990001600364990001600380990001600396990001600412990001600428990001600444990001600460990001600476990001600492990001600508990001600524990001600540990001600556990001600572990001600588990001600604990001600620990001600636990001600652990001600668990001600684990001600700990001600716990001600732990001600748990001600764990001600780990001600796990001600812990001600828990001600844990001600860990001600876990001600892990001600908990001600924990001600940990001600956990001600972990001600988990001601004990001601020990001601036990001601052990001601068990001601084990001601100990001601116990001601132990001601148990001601164990001601180990001601196990001601212990001601228990001601244990001601260990001601276990001601292990001601308990001601324990001601340990001601356990001601372990001601388990001601404990001601420990001601436990001601452990001601468990001601484990001601500990001601516990001601532990001601548990001601564990001601580990001601596990001601612990001601628990001601644990001601660990001601676990001601692990001601708INLIS00000000000045820240702083029 a0010-07240000131 aBahasa Arab 5 untuk Kelas V Madrasah Ibtidaiyah /cAgus Wahyudi0 aAgus Wahyudi acetakan ke-1 axviii, 126 hlm :bilus ;c25 cm aSolo :bTiga Serangkai,c2020 a492.7 a492.7 AGU b a978-623-269-029-5 4aBuku Teks Pelajaran a00000006740 a00000001196 a00000001197 a00000001198 a00000001199 a00000001200 a00000001201 a00000001202 a00000001203 a00000001204 a00000001205 a00000001206 a00000001207 a00000001208 a00000001209 a00000001210 a00000001211 a00000001212 a00000001213 a00000001214 a00000001215 a00000001216 a00000001217 a00000001218 a00000001219 a00000001220 a00000001221 a00000001222 a00000001223 a00000001224 a00000001225 a00000001226 a00000001227 a00000001228 a00000001229 a00000001230 a00000001231 a00000001232 a00000001233 a00000001234 a00000001235 a00000001236 a00000001237 a00000001238 a00000001239 a00000001240 a00000001241 a00000001242 a00000001243 a00000001244 a00000001245 a00000001246 a00000001247 a00000001248 a00000001249 a00000001250 a00000001251 a00000001252 a00000001253 a00000001254 a00000001255 a00000001256 a00000001257 a00000001258 a00000001260 a00000001261 a00000001262 a00000001263 a00000001264 a00000001265 a00000001266 a00000001267 a00000001268 a00000001269 a00000001270 a00000001271 a00000001272 a00000001273 a00000001274 a00000001275 a00000001276 a00000001277 a00000001278 a00000001279 a00000006735 a00000006736 a00000006737 a00000006738 a00000006739